000 00320nam a22001097a 4500
008 170106b xxu||||| |||| 00| 0 eng d
020 _a9780803613379
041 _aeng
080 _23RD
_a618.2
245 _aDISEASES AND DISORDERS A NURSING THERAPEUTICS MANUAL
_cSOMMERS, M.S & JOHNSONM, S.A & BEERY, TH.A
942 _2udc
_cBK
999 _c2604
_d2604